| 000 | 00667nam a2200229 a 4500 | ||
|---|---|---|---|
| 001 | 1787 | ||
| 003 | CDMR | ||
| 005 | 20131205111206.0 | ||
| 008 | 130130s1799||||||||||||||||||||||||||||d | ||
| 020 | _a8433914030 | ||
| 040 |
_aCDMR _bcat _cCPC LLEIDA |
||
| 100 | 1 |
_9379 _aMattelart, Armand |
|
| 245 |
_aFrentes culturales y movilización de masas _cA. y M. Mattelart |
||
| 300 | _a254 p. | ||
| 490 | 0 |
_aElementos críticos (Anagrama) _v3 |
|
| 650 | 0 | 4 |
_94172 _aSocietat de massa |
| 650 | 0 | 4 |
_92305 _aComunicació _xAspectes polítics |
| 650 | 0 | 4 |
_94426 _aPolítica i cultura |
| 650 | 0 | 4 |
_94461 _aCultura popular |
| 700 | 1 |
_93403 _aMattelart, Michèle |
|
| 942 |
_cMON _2udc |
||
| 999 |
_c1787 _d1787 |
||